000 00532nam a2200145Ia 4500
008 100122s9999 xx 000 0 und d
082 _b61686
_a641
100 _aगाला ध रा
245 _aउपवास करा आणि निरोगी राहा
260 _bगाला पब्लिशर्स
_c1990
300 _a47
630 _aउपवास करा आणि निरोगी राहा
730 _aउपवास करा आणि निरोगी राहा
942 _cBOOK
999 _c436352
_d436349